000 00821cam a22002414a 4500
020 _a9780521853248 (hardcover)
020 _a0521853249 (hardcover)
040 _cDLC
082 0 0 _a973 CAM 2005 A104 Or.
245 0 4 _aThe torture papers :
_bthe road to Abu Ghraib /
260 _aNew York :
_bCambridge University Press,
_c2005.
300 _axxxiv, 1249 p. :
_bill. ;
_c27 cm.
650 0 _aIraq War, 2003-2011
650 0 _aIraq War, 2003-2011
650 0 _aTorture
650 0 _aPolitical prisoners
700 1 _aGreenberg, Karen J.
700 1 _aDratel, Joshua L.,
856 4 1 _uhttp://www.loc.gov/catdir/toc/ecip056/2005000121.html
856 4 2 _uhttp://www.loc.gov/catdir/enhancements/fy0632/2005000121-d.html
856 4 2 _uhttp://www.loc.gov/catdir/enhancements/fy0733/2005000121-b.html
942 _cEK
999 _c13961
_d13961